Gaming Quiz

Random Gaming Quiz
Score 0/10 Timer 03:00
0 Plays Today
% Correct
soccer
80%
basketball
70%
supercross
60%
archery
60%
kart racing
60%
badmiton
50%
snowboard cross
50%
beach volleyball
50%
curling
50%
figure skating
40%
Remove Ads.
Support Sporcle.
Get the best of Sporcle when you Go Orange. This ad-free experience offers more features, more stats, and more fun while also helping to support Sporcle. Thank you for becoming a member.

You're not logged in!

Compare scores with friends on all Sporcle quizzes.
OR
Log In

Show Comments

Extras

Created Oct 21, 2010ReportNominate

Top Quizzes Today


Score Distribution

Your Account Isn't Verified!

In order to create a playlist on Sporcle, you need to verify the email address you used during registration. Go to your Sporcle Settings to finish the process.

Report this User

Report this user for behavior that violates our Community Guidelines.

Details: